Materská škola v energeticky pasívnom štandarde
Uložené v:
| Hlavný autor: | |
|---|---|
| Ďalší autori: | |
| Médium: | Rukopis Kniha |
| Jazyk: | Slovak |
| Vydavateľské údaje: |
2018
|
| Predmet: | |
| On-line prístup: | http://is.stuba.sk/zp/portal_zp.pl?podrobnosti=138399 https://opac.crzp.sk/?fn=detailBiblioForm&sid=EEE57057A47611A7EA79CC4E9AC3 |
| Tagy: |
Žiadne tagy, Buďte prvý, kto otaguje tento záznam!
|
MARC
| LEADER | 00000ntm a22000003a 4500 | ||
|---|---|---|---|
| 001 | stuzp68399 | ||
| 003 | SK-STU | ||
| 005 | 20230718103930.4 | ||
| 007 | ta | ||
| 008 | 150427s2015----xo-----f-mn---000-0-slo-d | ||
| 040 | |a STU |b slo | ||
| 041 | 0 | |a slo | |
| 100 | 1 | |a Spusta, Tomáš |u 010180 |4 aut |U SvF Stavebná fakulta |T SvF Katedra konštrukcií pozemných stavieb |X 55383 |U V180 |Y 18 |7 55383 | |
| 242 | 0 | 1 | |a Kindergarten in passive energy standard |y eng |
| 245 | 1 | 0 | |a Materská škola v energeticky pasívnom štandarde |
| 260 | |c 2018 | ||
| 650 | 4 | |a materská škola |2 slo | |
| 650 | 4 | |a vzdelávanie |2 slo | |
| 650 | 4 | |a energeticky pasívna budova |2 slo | |
| 650 | 4 | |a ihrisko |2 slo | |
| 650 | 4 | |a kindergarten |2 eng | |
| 650 | 4 | |a education |2 eng | |
| 650 | 4 | |a energy passive building |2 eng | |
| 650 | 4 | |a playground |2 eng | |
| 700 | 1 | |a Rabenseifer, Roman |u 010180 |k Z1 |4 ths |U SvF Stavebná fakulta |T SvF Katedra konštrukcií pozemných stavieb |X 727 |U V180 |Y 18 |7 A000000727 | |
| 856 | 4 | |u http://is.stuba.sk/zp/portal_zp.pl?podrobnosti=138399 | |
| 856 | 4 | |u https://opac.crzp.sk/?fn=detailBiblioForm&sid=EEE57057A47611A7EA79CC4E9AC3 | |